Performance Car Badges Quiz Stats

 Plays Quiz not verified by Sporcle

Challenge
Share
Tweet
Embed
Score 0/17 Timer 05:00
1 Play Today
Badge Manufacturer % Correct
WRXSubaru
86.7%
AMG / BrabusMercedes
86%
EVOMitsubishi
85.6%
Si / Type-RHonda
82.7%
SE-R / NismoNissan
80%
SS / ZR1 / Z06Chevrolet
79.5%
MBMW
78.4%
SRT Chrysler
74.6%
ScuderiaFerrari
73.9%
Badge Manufacturer % Correct
SVTFord
62.9%
_____SpeedMazda
50%
S or RSAudi
42.6%
SVLamborghini
36.9%
FLexus
35.2%
VCadillac
34%
JCWMINI
30.8%
Speed / SupersportsBentley
26.6%

You're not logged in!

Compare scores with friends on all Sporcle quizzes.
OR
Log In

You Might Also Like...

Show Comments

Extras

Top Quizzes Today


Score Distribution

Your Account Isn't Verified!

In order to create a playlist on Sporcle, you need to verify the email address you used during registration. Go to your Sporcle Settings to finish the process.

Report this User

Report this user for behavior that violates our Community Guidelines.

Details: